Las máscaras de la libertad (Record no. 91679)

MARC details
000 -LEADER
campo de control de longitud fija 00945nam a2200277 i 4500
001 - NÚMERO DE CONTROL
campo de control 91679
003 - IDENTIFICADOR DE NÚMERO DE CONTROL
campo de control ES-MaACL
005 - FECHA Y HORA DE LA ÚLTIMA TRANSACCIÓN
campo de control 20250604062538.0
007 - CAMPO FIJO DE DESCRIPCIÓN FÍSICA--INFORMACIÓN GENERAL
campo de control de longitud fija t|
008 - DATOS DE LONGITUD FIJA--INFORMACIÓN GENERAL
campo de control de longitud fija 050204s2003 sp b |||| | spa d
020 ## - NÚMERO INTERNACIONAL ESTÁNDAR DEL LIBRO
Número Internacional Estándar del Libro 84-95379-63-5
080 ## - NÚMERO DE LA CLASIFICACIÓN DECIMAL UNIVERSAL
Número de la Clasificación Decimal Universal 329.12(460)"18/19"
080 ## - NÚMERO DE LA CLASIFICACIÓN DECIMAL UNIVERSAL
Número de la Clasificación Decimal Universal 94(460)"18/19"
245 04 - MENCIÓN DEL TÍTULO
Título Las máscaras de la libertad
Resto del título : el liberalismo español, 1808-1950 /
Mención de responsabilidad, etc. Manuel Suárez Cortina (ed.).
260 ## - PUBLICACIÓN, DISTRIBUCIÓN, ETC.
Lugar de publicación, distribución, etc. [Madrid] :
Nombre del editor, distribuidor, etc. Marcial Pons Historia :
-- Fundación Práxedes Mateo Sagasta,
Fecha de publicación, distribución, etc. 2003.
300 ## - DESCRIPCIÓN FÍSICA
Extensión 516 p. :
Otras características físicas mapas ;
Dimensiones 23 cm.
490 1# - MENCIÓN DE SERIE
Mención de serie Coediciones
650 14 - PUNTO DE ACCESO ADICIONAL DE MATERIA--TÉRMINO DE MATERIA
Término de materia o nombre geográfico como elemento de entrada Liberalismo-
Subdivisión geográfica España-
Subdivisión de forma Historia.
9 (RLIN) 14389
651 #7 - PUNTO DE ACCESO ADICIONAL DE MATERIA--NOMBRE GEOGRÁFICO
Nombre geográfico España-
Subdivisión general Historia-
Subdivisión cronológica S.XIX
Fuente del encabezamiento o término
9 (RLIN) 142005
651 #4 - PUNTO DE ACCESO ADICIONAL DE MATERIA--NOMBRE GEOGRÁFICO
Nombre geográfico España-
Subdivisión general Historia-
Subdivisión cronológica S.XX.
9 (RLIN) 138832
700 1# - ENTRADA AGREGADA--NOMBRE PERSONAL
Nombre de persona Suárez Cortina, Manuel.
9 (RLIN) 108597
710 2# - ENTRADA AGREGADA--NOMBRE DE ENTIDAD CORPORATIVA
Nombre de entidad corporativa o nombre de jurisdicción como elemento de entrada Fundacion Práxedes Mateo Sagasta.
9 (RLIN) 4396
830 0# - PUNTO DE ACCESO ADICIONAL DE SERIE-TÍTULO UNIFORME
Título uniforme Coediciones
9 (RLIN) 191111
852 ## - LOCALIZACIÓN
Ubicación ES-MaACL
Número de control de estantería L-28800
Holdings
Estatus retirado Estado de pérdida Estado de daño No para préstamo Biblioteca de origen Biblioteca actual Ubicación en estantería Fecha de adquisición Fuente de adquisición Total de préstamos Signatura topográfica completa Código de barras Visto por última vez Precio de reemplazo Tipo de ítem Koha
        Biblioteca del Ateneo de Madrid Biblioteca del Ateneo de Madrid Depósito 2 17/01/2008     L-28800 1095718 23/02/2023 23/02/2023 Libro impreso